|
|
|
|
| LEADER |
01623nem a2200433 a 4500 |
| 001 |
nkc20061663155 |
| 003 |
CZ PrNK |
| 005 |
20080514132649.0 |
| 007 |
aj canzn |
| 008 |
060713s2006 xr z a 0 cze |
| 015 |
|
|
|a cnb001663155
|
| 020 |
|
|
|a 80-7279-504-X
|
| 034 |
1 |
|
|a a
|b 500000
|
| 040 |
|
|
|a BOA001
|b cze
|d ABA001
|
| 043 |
|
|
|a e-xr---
|b e-xr-cc
|2 czenas
|
| 072 |
|
7 |
|a 913(437)
|x Geografie Česka a Slovenska, reálie, cestování
|2 Konspekt
|9 7
|
| 080 |
|
|
|a 640.41:796.54
|2 MRF
|
| 080 |
|
|
|a 913(437.31-13)
|2 MRF
|
| 080 |
|
|
|a 912.43
|2 MRF
|
| 080 |
|
|
|a (084.3)
|2 MRF
|
| 110 |
2 |
|
|a Geodézie ČS (firma)
|7 ko2002100516
|
| 245 |
1 |
0 |
|a Jihočeské kempy
|h [kartografický dokument] =
|b South Bohemian camps = Südböhmische Campingplätze /
|c pro Krajský úřad Jihočeského kraje zpracovala a vydala Geodézie ČS
|
| 246 |
3 |
|
|a Jihočeské kempy 1:500 000
|
| 246 |
3 |
1 |
|a Südböhmische Campingplätze
|
| 246 |
3 |
1 |
|a South Bohemian camps
|
| 250 |
|
|
|a 2. vyd.
|
| 255 |
|
|
|a Měřítko 1:500 000
|
| 260 |
|
|
|a Praha :
|b Geodézie ČS,
|c 2006
|
| 300 |
|
|
|a 1 mapa :
|b barev. ;
|c 29 x 41 cm, složeno na 15 x 11 cm
|
| 500 |
|
|
|a Seznam kempů a městská informační centra na rubu
|
| 650 |
0 |
7 |
|a kempinky
|7 ph114903
|z Česko
|2 czenas
|
| 651 |
|
7 |
|a Čechy jižní (Česko)
|7 ge131648
|2 czenas
|
| 655 |
|
7 |
|a mapy
|7 fd132800
|2 czenas
|
| 710 |
1 |
|
|a Jihočeský kraj (Česko : 2000-).
|b Krajský úřad
|7 xx0012668
|
| 910 |
2 |
|
|a BOA001
|b Mp2-1171.757
|
| 990 |
|
|
|a MP
|
| 995 |
|
|
|a 01
|
| 991 |
|
|
|b 200608
|c NOV
|
| 996 |
6 |
|
|b 2610286108
|c Mp2-1171.757
|l MZK
|r Sklad / do 1 hodiny
|n 0
|p p.v.
|w 000821714
|u 000010
|a 1
|e BOA001
|j MZK50
|s P
|